000 00253nam a2200121Ia 4500
008 190216s9999||||xx |||||||||||||| ||und||
100 _aJabri
245 0 _aChalathadi
260 _bKairali Mudralayam
300 _a152
650 _aNovel
942 _cBK
999 _c27735
_d27735